[Event "BAN-chB 46th"]
[Site "Dhaka"]
[Date "2021.12.15"]
[Round "1"]
[White "Rana Pratap, Singha"]
[Black "Nayem, Haque"]
[Result "1/2-1/2"]
[WhiteElo "1900"]
[BlackElo "2091"]
[PlyCount "107"]
[EventDate "2021.12.15"]
[EventType "swiss"]
[EventRounds "9"]
[EventCountry "BAN"]
[SourceTitle "CBM 206 Extra"]
[Source "ChessBase"]
[SourceDate "2022.03.31"]
[SourceVersion "1"]
[SourceVersionDate "2022.03.31"]
[SourceQuality "1"]

1. Nf3 d5 2. g3 g6 3. Bg2 Bg7 4. 0-0 e5 5. d3 Ne7 6. Nbd2 0-0 7. c3 b6 8. e4 c6 9. Re1 Qc7 10. d4 exd4 11. Nxd4 Bb7 12. Qc2 Na6 13. N2f3 c5 14. Nb5 Qd7 15. a4 d4 16. Bf4 d3 17. Qb3 Nc6 18. Nd6 Rad8 19. Nxb7 Qxb7 20. Nd2 Na5 21. Qa2 Qd7 22. Rad1 c4 23. Be3 Qe7 24. f4 Nc5 25. e5 Ncb3 26. Nxc4 Nxc4 27. Qxb3 d2 28. Re2 Nxe3 29. Rxe3 Qc5 30. c4 Rd4 31. Bd5 Rd8 32. Qc3 a5 33. Rxd2 R8xd5 34. cxd5 Qxc3 35. Rxc3 Rxd2 36. Rc8+ Bf8 37. d6 Kg7 38. Rb8 Bxd6 39. exd6 Rxd6 40. b3 Kf6 41. g4 Ke6 42. Rb7 h5 43. h3 hxg4 44. hxg4 f5 45. Kf2 fxg4 46. Kg3 Rd3+ 47. Kxg4 Rxb3 48. Kg5 Rg3+ 49. Kh4 Rg1 50. Rxb6+ Kf5 51. Rb5+ Kxf4 52. Kh3 Rg5 53. Rb3 Ke4 54. Kh2 1/2-1/2

[Event "BAN-chT2"]
[Site "Dhaka"]
[Date "2017.10.26"]
[Round "5.3"]
[White "Rana Pratap, Singha"]
[Black "Dibakar, Dibya"]
[Result "1-0"]
[WhiteElo "1858"]
[BlackElo "1667"]
[PlyCount "47"]
[EventDate "2017.10.22"]
[EventType "team-swiss"]
[EventRounds "7"]
[EventCountry "BAN"]
[SourceTitle "CBM 181 Extra"]
[Source "ChessBase"]
[SourceDate "2017.12.12"]
[SourceVersion "1"]
[SourceVersionDate "2017.12.12"]
[SourceQuality "1"]
[WhiteTeam "Chess Q"]
[BlackTeam "Elegant Int CA Green"]
[WhiteTeamCountry "BAN"]
[BlackTeamCountry "BAN"]

1. e4 e5 2. Nf3 Nc6 3. Bb5 a6 4. Ba4 Nf6 5. 0-0 Be7 6. Re1 b5 7. Bb3 d6 8. h3 Na5 9. c3 Nxb3 10. Qxb3 Bb7 11. d3 0-0 12. a4 bxa4 13. Qxb7 Nd7 14. Qc6 f5 15. Nbd2 g5 16. exf5 Rxf5 17. Ne4 Nb6 18. Nexg5 Qc8 19. d4 h6 20. Ne4 d5 21. Qxh6 dxe4 22. Rxe4 Rf6 23. Qg5+ Kf7 24. Nxe5+ 1-0

[Event "BAN-chB 41st"]
[Site "Dhaka"]
[Date "2015.10.18"]
[Round "4"]
[White "Shufu, Khan"]
[Black "Rana Pratap, Singha"]
[Result "0-1"]
[WhiteElo "1787"]
[BlackElo "1903"]
[PlyCount "77"]
[EventDate "2015.10.15"]
[EventType "swiss"]
[EventRounds "11"]
[EventCountry "BAN"]
[SourceTitle "CBM 169 Extra"]
[Source "ChessBase"]
[SourceDate "2015.12.18"]
[SourceVersion "1"]
[SourceVersionDate "2015.12.18"]
[SourceQuality "1"]

1. e4 e5 2. Nf3 Nc6 3. Bc4 Nf6 4. Nc3 Be7 5. 0-0 d6 6. d4 Bg4 7. dxe5 Nxe5 8. Be2 Ng6 9. h3 Bxf3 10. Bxf3 0-0 11. e5 Nxe5 12. Bxb7 Rb8 13. Bd5 Nxd5 14. Nxd5 Re8 15. Nxe7+ Qxe7 16. b3 a5 17. Qd5 c5 18. Be3 Rb6 19. Rad1 Qe6 20. Rd2 Ng6 21. Rfd1 Qxd5 22. Rxd5 Re6 23. g3 Kf8 24. Kf1 Rc6 25. Bd2 Ra6 26. f4 Ne7 27. Rd3 d5 28. g4 g6 29. c4 d4 30. Re1 Rxe1+ 31. Bxe1 f5 32. Ke2 Nc8 33. gxf5 gxf5 34. Bh4 Nd6 35. Bf6 Ne4 36. Be5 Ke7 37. Kf1 Kd7 38. Bh8 Rb6 39. Be5 0-1

[Event "BAN-chB 41st"]
[Site "Dhaka"]
[Date "2015.10.15"]
[Round "1"]
[White "Rana Pratap, Singha"]
[Black "Mehdi, Hasan Parag"]
[Result "0-1"]
[WhiteElo "1903"]
[BlackElo "2355"]
[PlyCount "78"]
[EventDate "2015.10.15"]
[EventType "swiss"]
[EventRounds "11"]
[EventCountry "BAN"]
[SourceTitle "CBM 169 Extra"]
[Source "ChessBase"]
[SourceDate "2015.12.18"]
[SourceVersion "1"]
[SourceVersionDate "2015.12.18"]
[SourceQuality "1"]

1. d4 d5 2. c4 e6 3. Nc3 Bb4 4. e3 Nf6 5. Qc2 c5 6. a3 Bxc3+ 7. bxc3 0-0 8. Nf3 Qc7 9. Bd3 b6 10. cxd5 exd5 11. 0-0 c4 12. Be2 Nc6 13. Nd2 Re8 14. Re1 g6 15. Nf1 b5 16. Ng3 h5 17. Bf3 h4 18. Ne2 Bf5 19. Qb2 Rab8 20. Nf4 Qxf4 21. e4 Qc7 22. e5 Ne4 23. g4 hxg3 24. hxg3 Qd7 25. Re3 Na5 26. Qe2 Nb3 27. Rb1 Ng5 28. Rxb3 Nxf3+ 29. Qxf3 cxb3 30. Qf4 Rbc8 31. f3 Bc2 32. g4 Qe7 33. Qh6 Qf8 34. Qh4 Qg7 35. f4 g5 36. Qg3 gxf4 37. Qxf4 Re6 38. Rh3 Rg6 39. Rg3 Rxc3 0-1